书目信息 |
| 题名: |
小说词语汇释
|
|
| 作者: | 陆澹安 著 | |
| 分册: | ||
| 出版信息: | 上海 上海古籍出版社 1979.10 |
|
| 页数: | 930页 | |
| 开本: | 20cm | |
| 丛书名: | ||
| 单 册: | ||
| 中图分类: | H134 | |
| 科图分类: | ||
| 主题词: | 小说--中国--词典 , 汉语--词汇 , 汉语--语义 , 汉语--语义学 , 训诂 | |
| 电子资源: | ||
| ISBN: | ||
| 000 | 00578nam0 2200229 45 | |
| 001 | 0312221749 | |
| 005 | 20061102110944.04 | |
| 010 | @dCNY4.65 | |
| 100 | @a20031222d1979 km y0chiy0120 ea | |
| 101 | @achi | |
| 200 | 1 | @a小说词语汇释@AXiao Shuo Ci Yu Hui Shi@f陆澹安著@FLu Dan An Zhu |
| 210 | @a上海@c上海古籍出版社@d1979.10 | |
| 215 | @a930页@d20cm | |
| 606 | 0 | @a小说@y中国@x词典 |
| 606 | 0 | @a汉语@x词汇 |
| 606 | 0 | @a汉语@x语义 |
| 606 | 0 | @a汉语@x语义学 |
| 606 | 0 | @a训诂 |
| 690 | @aH134@v3 | |
| 701 | 0 | @a陆澹安@4著 |
| 801 | @aCN@bTSTCL@c20061102 | |
| 905 | @dH134@e60 | |
| 小说词语汇释/陆澹安著.-上海:上海古籍出版社,1979.10 |
| 930页;20cm |
| ISBN :CNY4.65 |
| ● |
| 相关链接 |
|
|
|
|
正题名:小说词语汇释
索取号:H134/60
 
预约/预借
| 序号 | 登录号 | 条形码 | 馆藏地/架位号 | 状态 | 备注 |
| 1 | 0106652 | 202074209 | 第二样本阅览室/ [索取号:H134/60] | 在馆 |